00941nam a22002297a 4500999001700000003000900017008004100026040007100067082001700138100002500155245003100180260003200211300002800243440003700271505017000308650003200478650003200510650002900542942001600571945002100587952010300608 c19805d19805AR-CdUCM190522b ||||| |||| 00| 0 spa d aMUNICIPALIDAD PROVINCIAL DEL CUSCOcBIBLIOTECA MUNICIPAL DEL CUSCO a868.3 /bL57 aLeón, Fray Luis De aDe los hombres de cristo / aArgentina :bSopena,c1943. a142 páginas ;c25 cm. aBiblioteca mundial sopena910296 aContenido: Introduce en el asunto con la idea -- Explicase que viene a ser nombre -- Es llamado cristo pimpollo -- Declarase como cristo tiene el nombre de faces...  aEl asunto como idea 941421 aCristo llamado monte941422 aLa miseria humana941423 2ddccLIBROS aAndyd2019-05-22 002ddc4070aSHbSHcCARTd2019-05-22g15.00o868.3 / L57 / t.1pSH0000015152r2019-05-22yLIBROS